00731nam a22001937a 4500008004100000020001800041050001700059082002100076100003600097245011500133260003300248300002400281500002900305504004400334505007700378650002400455650003100479650002700510130129t2009 MX ||||| |||| 00| 0 SPA d a9786074380071 aHD3028bM66  a658.4098bM366id1 aMontiel Campos, Héctoreautor aDe la idea de negocio a la alerta empresarialb : precursores del plan de negociosc / Héctor Montiel Campos aMéxicob : Patriac , 2009 axvi ; 152 páginas aIncluye glosario (p.149) aReferencias al final de cada capítulo aEl marco de referencia La fase de percepción La creación de empresas14aPROCESO EMPRESARIAL24aINNOVACIÓN TECNOLÓGICA24aCREACIÓN DE EMPRESAS